000
00302nam a2200133Ia 4500
008
260604s9999 xx 000 0 und d
020
_a
9781444924848
082
_a
823.91 BLY
100
_a
CHRIS SMITH
_9
35337
245
0
_a
FAMOUS FIVE COLLECTION
260
_b
Hodder
500
_a
Famous
942
_c
BK
999
_c
8122
_d
8122